[Event "Morbihan 2010"]
[Site "?"]
[Date "2010.01.16"]
[Round "3.18"]
[White "Sellin, Alain"]
[Black "Cheneau, Alain"]
[Result "1-0"]
[WhiteElo "1640"]
[BlackElo "1040"]
[PlyCount "91"]
[EventDate "2010.??.??"]

1. e4 e5 2. Nf3 Nf6 3. Nxe5 Bd6 4. Nc4 Nxe4 5. Qe2 O-O 6. Qf3 Re8 7. Be2 Ng5 8.
Qd5 Qe7 9. Ne3 c6 10. Qb3 b6 11. Nc3 Bb7 12. Nf5 Qe6 13. Qxe6 dxe6 14. Nxd6 Re7
15. Nxb7 Rxb7 16. d4 Rd7 17. Bxg5 Rxd4 18. O-O Rd8 19. Rad1 Re8 20. Rd2 Na6 21.
Rfd1 h6 22. Bh4 Nc5 23. b4 Na6 24. Bxa6 Rab8 25. Rd8 Kf8 26. Rxe8+ Rxe8 27. Rd8
g5 28. Rxe8+ Kxe8 29. Bg3 Ke7 30. Bb7 Kd7 31. Ne4 f5 32. Nf6+ Ke7 33. Be5 Kf7
34. Bxc6 a6 35. a4 Ke7 36. a5 bxa5 37. bxa5 Kd8 38. Bd7 Ke7 39. c4 Kd8 40. c5
f4 41. c6 Ke7 42. c7 Kf7 43. c8=Q Kg6 44. Bxe6 h5 45. Qg8+ Kh6 46. Qh7# 1-0

[Event "Morbihan 2010"]
[Site "?"]
[Date "2010.01.16"]
[Round "3.20"]
[White "Roussel, Bernard"]
[Black "Maroufi, Mahzeyar"]
[Result "1-0"]
[WhiteElo "1580"]
[BlackElo "1250"]
[PlyCount "79"]
[EventDate "2010.??.??"]

1. d4 Nf6 2. c4 d6 3. Nc3 Nc6 4. Nf3 h6 5. e3 a6 6. a3 Bd7 7. g3 e5 8. dxe5
dxe5 9. Bg2 Na5 10. b3 Bg4 11. Qc2 Bd6 12. O-O O-O 13. Bb2 Qe7 14. Nd5 Nxd5 15.
cxd5 e4 16. Qc3 f6 17. Nd2 b6 18. b4 Nb7 19. Nxe4 Nd8 20. f4 Bh3 21. Bxh3 Qxe4
22. Bg2 Qf5 23. e4 Qg4 24. Rf2 a5 25. h3 Qh5 26. bxa5 Rxa5 27. Rf3 Rc5 28. Qd3
Be7 29. a4 c6 30. Ba3 Nb7 31. Bxc5 Nxc5 32. Qc4 cxd5 33. exd5 Rd8 34. d6+ Kh8
35. dxe7 Rd6 36. Re1 Qe8 37. Qb5 Nd7 38. Rfe3 Kh7 39. Re6 Rd4 40. Rxb6 1-0

[Event "Morbihan 2010"]
[Site "?"]
[Date "2010.01.16"]
[Round "3.23"]
[White "Eraud, Julien"]
[Black "Josse, Emmanuelle"]
[Result "0-1"]
[WhiteElo "1199"]
[BlackElo "1421"]
[PlyCount "143"]
[EventDate "2010.??.??"]

1. d4 g6 2. c4 Bg7 3. e3 d6 4. Nf3 Nf6 5. h3 O-O 6. Nc3 c6 7. Be2 d5 8. Ne5 e6
9. b3 Nbd7 10. Ba3 Re8 11. O-O Nxe5 12. dxe5 Ne4 13. Nxe4 dxe4 14. f4 f6 15.
Qxd8 Rxd8 16. Be7 Rd2 17. exf6 Rxe2 18. fxg7 Kxg7 19. Rae1 Rxa2 20. Rd1 Kf7 21.
Bh4 Ra3 22. g4 Rxb3 23. f5 exf5 24. gxf5 Bxf5 25. Rd7+ Kg8 26. Rc7 Rf8 27. Be7
Rf7 28. Rc8+ Kg7 29. Bd6 Kh6 30. Bf4+ g5 31. Bg3 Rxe3 32. Kh2 Kg6 33. Rg8+ Kh6
34. h4 gxh4 35. Bf4+ Kh5 36. Rg5+ Kh6 37. Rxf5+ Kg6 38. Rxf7 Re2+ 39. Kg1 Kxf7
40. Bg3+ Kg6 41. Bxh4 Kh5 42. Bf2 a5 43. Kh2 e3 44. Kg3 exf2 45. Kf4 a4 46. Kf5
Kh4 47. Kf4 Kh3 48. Kf3 Re1 49. Rxf2 Rg1 50. Ra2 Rg3+ 51. Ke4 a3 52. Ra1 Kg4
53. Rf1 a2 54. Ke5 b5 55. c5 b4 56. Kd6 b3 57. Ra1 b2 58. Rxa2 b1=Q 59. Ra4+
Kh3 60. Kxc6 Qg6+ 61. Kd5 Rd3+ 62. Rd4 Rxd4+ 63. Kxd4 Qc6 64. Kc4 h5 65. Kd4 h4
66. Kc4 Kg2 67. Kd4 h3 68. Kc4 h2 69. Kd4 h1=Q 70. Kc4 Qc1+ 71. Kd4 Q6xc5+ 72.
Ke4 0-1

[Event "Morbihan 2010"]
[Site "?"]
[Date "2010.01.16"]
[Round "3.24"]
[White "Cozic, Matthias"]
[Black "Trifault, Youn"]
[Result "1-0"]
[WhiteElo "1340"]
[BlackElo "1110"]
[PlyCount "39"]
[EventDate "2010.??.??"]

1. e4 d6 2. d4 e5 3. Be3 Nc6 4. Nf3 Nf6 5. Nc3 Bg4 6. Be2 Be7 7. h3 Bxf3 8.
Bxf3 d5 9. exd5 exd4 10. Bxd4 Bb4 11. dxc6 Qe7+ 12. Qe2 Rd8 13. Qxe7+ Kxe7 14.
cxb7 Rxd4 15. O-O Bxc3 16. bxc3 Rc4 17. Rad1 c6 18. Rfe1+ Kf8 19. Rd8+ Ne8 20.
Rdxe8# 1-0

[Event "Morbihan 2010"]
[Site "?"]
[Date "2010.02.06"]
[Round "4.1"]
[White "Lages, Michel"]
[Black "Purenne, Benoît"]
[Result "1-0"]
[WhiteElo "1915"]
[BlackElo "1881"]
[PlyCount "141"]
[EventDate "2010.??.??"]

1. c4 e5 2. Nc3 Nf6 3. Nf3 Nc6 4. e3 Bb4 5. Qc2 Bxc3 6. Qxc3 Qe7 7. a3 d5 8. d4
exd4 9. Nxd4 Nxd4 10. Qxd4 c5 11. Qh4 dxc4 12. Bxc4 O-O 13. O-O Be6 14. b3 Bxc4
15. Qxc4 b6 16. Bb2 Ne4 17. Rad1 Rfd8 18. Qc2 Rac8 19. Rxd8+ Rxd8 20. Rd1 h6
21. h3 Rxd1+ 22. Qxd1 Qe6 23. Qd8+ Kh7 24. Qd3 f5 25. f3 Nd6 26. Qc3 Qf7 27.
Qe5 Nb7 28. Bc3 Qd7 29. e4 Nd6 30. exf5 Nxf5 31. Qe4 Kg8 32. b4 cxb4 33. axb4
Qc8 34. Qd5+ Kh8 35. Qe5 Qd7 36. Qe4 Ne7 37. Qa8+ Kh7 38. Qe4+ Kg8 39. Qa8+ Kh7
40. Qe4+ Kg8 41. Qa8+ Kf7 42. Qe4 a6 43. Qe5 Nf5 44. Qf4 Qe6 45. Kh2 Kg8 46.
Be5 Ne7 47. Qe4 Nd5 48. f4 Qd7 49. Qc4 Qb7 50. Qe4 Qc6 51. Qd4 Nf6 52. Qd8+ Kh7
53. Qd3+ Qe4 54. Qxa6 Qxb4 55. Qb7 Kg6 56. Qc6 Qc5 57. Qe6 b5 58. f5+ Kg5 59.
h4+ Kg4 60. Bxf6 gxf6 61. Qe4+ Kh5 62. Qf3+ Kxh4 63. Qf4+ Kh5 64. g4+ Kh4 65.
g5+ Kh5 66. g6 Qc3 67. g7 Qb3 68. Qg3 Qc2+ 69. Qg2 Qc7+ 70. Kh3 Qc3+ 71. Qg3
1-0

[Event "Morbihan 2010"]
[Site "?"]
[Date "2010.02.06"]
[Round "4.2"]
[White "Stéphan, Victor"]
[Black "Annetti, Laurent"]
[Result "1-0"]
[WhiteElo "2242"]
[BlackElo "1857"]
[PlyCount "55"]
[EventDate "2010.??.??"]

1. e4 e5 2. Nf3 Nc6 3. Bb5 f5 4. Nc3 fxe4 5. Nxe4 Nf6 6. Qe2 d5 7. Nxf6+ gxf6
8. d4 Bg7 9. dxe5 O-O 10. Bxc6 bxc6 11. e6 Re8 12. O-O c5 13. Qb5 Bf8 14. Bf4
Rxe6 15. Qa5 Rb6 16. b3 Bb7 17. Rad1 Qd7 18. Qd2 Kh8 19. Rfe1 Bd6 20. Bg3 Rg8
21. Qh6 Rg6 22. Qh5 Bxg3 23. hxg3 Re6 24. Rxe6 Qxe6 25. Re1 Qd7 26. Nh4 Rg5 27.
Re8+ Rg8 28. Ng6+ 1-0

[Event "Morbihan 2010"]
[Site "?"]
[Date "2010.02.06"]
[Round "4.3"]
[White "Jolivel, Dominique"]
[Black "Duplessy, Franck"]
[Result "1/2-1/2"]
[WhiteElo "1902"]
[BlackElo "2040"]
[PlyCount "74"]
[EventDate "2010.??.??"]

1. e4 c5 2. f4 g6 3. Nf3 Bg7 4. Be2 Nc6 5. O-O d5 6. e5 Nh6 7. h3 O-O 8. g4 f6
9. d4 cxd4 10. exf6 exf6 11. Nxd4 f5 12. Nxc6 bxc6 13. g5 Nf7 14. c3 Re8 15.
Bf3 Nd6 16. Kg2 Qb6 17. Nd2 Ba6 18. Re1 Rxe1 19. Qxe1 Re8 20. Qf2 Ne4 21. Qxb6
axb6 22. a4 d4 23. cxd4 Bxd4 24. Nb3 Bg7 25. a5 bxa5 26. Rxa5 Bc4 27. Nc5 Bb5
28. Nb3 Nd6 29. Ra7 Nc4 30. Rc7 Bxb2 31. Bxc6 Bxc6+ 32. Rxc6 Bxc1 33. Nxc1 Nd2
34. Kf2 Ne4+ 35. Kf3 Ra8 36. Ne2 Ra3+ 37. Kg2 Ra2 1/2-1/2

[Event "Morbihan 2010"]
[Site "?"]
[Date "2010.02.06"]
[Round "4.4"]
[White "Le Corre, Patrick"]
[Black "Deslias, Grégoire"]
[Result "1-0"]
[WhiteElo "2014"]
[BlackElo "1906"]
[PlyCount "131"]
[EventDate "2010.??.??"]

1. e4 e5 2. Nc3 Nf6 3. f4 d5 4. fxe5 Nxe4 5. Qf3 Nc6 6. Bb5 Nxc3 7. dxc3 a6 8.
Bxc6+ bxc6 9. Qg3 Qd7 10. Nf3 Qg4 11. Qxg4 Bxg4 12. O-O Be7 13. Nd4 Bd7 14. Bd2
O-O 15. Rae1 Rfe8 16. Kh1 Bf8 17. Rf3 c5 18. Nf5 Bxf5 19. Rxf5 Rab8 20. b3 g6
21. Rf2 Bg7 22. Ref1 Re7 23. Be3 Rxe5 24. Bxc5 f5 25. Rd2 Rbe8 26. Kg1 Re2 27.
Rf2 Rxf2 28. Kxf2 c6 29. Bd4 Re4 30. Rd3 Bf8 31. Bb6 Bd6 32. c4 Bxh2 33. cxd5
cxd5 34. Rxd5 Rf4+ 35. Ke2 Rg4 36. Kf3 Rg3+ 37. Kf2 Rc3 38. Rd8+ Kf7 39. Rd2
Bg3+ 40. Kf1 g5 41. Ba5 Rc5 42. Bb4 Rc6 43. c4 h5 44. Rd5 Kf6 45. Bc3+ Kg6 46.
Rd8 h4 47. Be1 Bf4 48. Rh8 Be5 49. Re8 Bd4 50. Bf2 Bf6 51. c5 g4 52. b4 f4 53.
a4 g3 54. b5 axb5 55. axb5 Rc7 56. b6 Rf7 57. c6 f3 58. gxf3 Be5 59. Rxe5 Rxf3
60. Re2 h3 61. Kg1 h2+ 62. Kh1 Rxf2 63. Re1 Kg5 64. c7 Rc2 65. b7 Kh4 66. c8=Q
1-0

[Event "Morbihan 2010"]
[Site "?"]
[Date "2010.02.06"]
[Round "4.5"]
[White "Gallois, Jérôme"]
[Black "Brémond, Edouard"]
[Result "1-0"]
[WhiteElo "2020"]
[BlackElo "1682"]
[PlyCount "49"]
[EventDate "2010.??.??"]

1. e4 e6 2. d4 d5 3. Nd2 c5 4. Ngf3 Nc6 5. exd5 exd5 6. Nb3 c4 7. Nbd2 Nf6 8.
c3 Bd6 9. Be2 O-O 10. O-O Bf5 11. Re1 Qc7 12. Nf1 h6 13. Nh4 Bh7 14. Bg4 Rfe8
15. Be3 Nxg4 16. Qxg4 Bd3 17. Bxh6 g6 18. f4 Kh7 19. Bg5 Be7 20. Ne3 Rad8 21.
Nf3 Qb6 22. Qh4+ Kg8 23. Ng4 Qc7 24. Rxe7 Nxe7 25. Nf6+ 1-0

[Event "Morbihan 2010"]
[Site "?"]
[Date "2010.02.06"]
[Round "4.6"]
[White "Pinel, Jérémy"]
[Black "Sellin, Alain"]
[Result "1-0"]
[WhiteElo "1888"]
[BlackElo "1640"]
[PlyCount "74"]
[EventDate "2010.??.??"]

1. e4 e5 2. Nf3 Nc6 3. Bb5 a6 4. Ba4 Nf6 5. O-O Be7 6. Re1 b5 7. Bb3 d6 8. h3
O-O 9. c3 Na5 10. Bc2 c5 11. d4 exd4 12. cxd4 Bb7 13. d5 Re8 14. a4 Nd7 15.
axb5 axb5 16. Qd3 c4 17. Qd1 Bf6 18. Nc3 Ba6 19. Nd4 Bxd4 20. Qxd4 Nb7 21. b4
cxb3 22. Bxb3 Nbc5 23. Bc2 Ne5 24. Rb1 Qd7 25. Re3 Nc4 26. Rg3 Ne5 27. f4 Ng6
28. h4 h5 29. Bd1 Qe7 30. f5 Qxh4 31. Rh3 Qe1+ 32. Kh2 Rxe4 33. Nxe4 Nxe4 34.
fxg6 fxg6 35. Bb2 Nf6 36. Re3 Qxe3 37. Qxe3 Ng4+ 1-0

[Event "Morbihan 2010"]
[Site "?"]
[Date "2010.02.06"]
[Round "4.7"]
[White "Siclet, Mathieu"]
[Black "Le Coz, Yannick"]
[Result "0-1"]
[WhiteElo "1830"]
[BlackElo "1707"]
[PlyCount "90"]
[EventDate "2010.??.??"]

1. d4 d5 2. Nf3 c5 3. c3 cxd4 4. cxd4 Nf6 5. Nc3 Nc6 6. Bf4 e6 7. e3 a6 8. a3
Nh5 9. Bg3 Nxg3 10. hxg3 Bd7 11. Bd3 h6 12. Rc1 Bd6 13. e4 dxe4 14. Nxe4 Be7
15. Bb1 Qa5+ 16. Nc3 Rd8 17. O-O Bc8 18. Be4 Rd6 19. Na4 O-O 20. Bxc6 bxc6 21.
Ne5 Bb7 22. Nc5 Qc7 23. Qa4 Rc8 24. Rfd1 Bf6 25. Nxa6 Qb6 26. Nc4 Qd8 27. Nxd6
Qxd6 28. Nc5 Ba8 29. Ne4 Qd5 30. Nxf6+ gxf6 31. Qa6 Rd8 32. Qe2 c5 33. Qg4+ Kh7
34. f3 cxd4 35. Rc7 e5 36. Qf5+ Kg7 37. Qg4+ Kh7 38. Qh5 Kg7 39. Kf2 Qa2 40.
Qg4+ Kh7 41. Qf5+ Kg7 42. Rh1 Qxb2+ 43. Rc2 Qb6 44. Qg4+ Kf8 45. Rcc1 Qb2+ 0-1

[Event "Morbihan 2010"]
[Site "?"]
[Date "2010.02.06"]
[Round "4.8"]
[White "Hocher, Eugène"]
[Black "Rivalin, Patrick"]
[Result "1-0"]
[WhiteElo "1796"]
[BlackElo "1578"]
[PlyCount "87"]
[EventDate "2010.??.??"]

1. d4 d5 2. c4 c6 3. Nc3 Nf6 4. cxd5 cxd5 5. Bf4 e6 6. e3 a6 7. Bd3 Bb4 8. Nf3
Ne4 9. Rc1 Qa5 10. Qb3 O-O 11. O-O Bxc3 12. bxc3 b5 13. Rfd1 Nd7 14. Bxe4 dxe4
15. Ng5 Bb7 16. Qc2 Bd5 17. f3 Qxa2 18. Qxa2 Bxa2 19. Nxe4 Bd5 20. Nd6 Nb6 21.
e4 Bb3 22. Re1 Rfd8 23. Nb7 Rdc8 24. Nc5 Bc4 25. Kf2 f6 26. Nb7 a5 27. Nd6 Rc6
28. Nxc4 Rxc4 29. Bd2 a4 30. Rb1 Ra5 31. Ke2 a3 32. Rb3 Na8 33. Ra1 a2 34. Kd3
Nc7 35. Rb2 Rca4 36. Kc2 Ra7 37. Bf4 Rc4 38. Bd6 Kf7 39. Raxa2 Rxa2 40. Rxa2
Kg6 41. Rb2 Rc6 42. Bxc7 Rxc7 43. Rxb5 Ra7 44. d5 1-0

[Event "Morbihan 2010"]
[Site "?"]
[Date "2010.02.06"]
[Round "4.11"]
[White "Thébaut, Hervé"]
[Black "Loizil, Joël"]
[Result "0-1"]
[WhiteElo "1420"]
[BlackElo "1757"]
[PlyCount "86"]
[EventDate "2010.??.??"]

1. d4 Nf6 2. g3 e6 3. Bg2 d5 4. Nf3 Be7 5. O-O O-O 6. Nbd2 c5 7. c3 Nc6 8. e3
b6 9. c4 Bb7 10. Qa4 Qc7 11. Re1 Nb4 12. Qb3 dxc4 13. Qxc4 Ba6 14. Qb3 Nd3 15.
Rd1 Rac8 16. Nc4 Nb4 17. Nce5 c4 18. Qc3 Ne4 19. Qe1 Nc2 20. Qe2 Nxa1 21. Nd2
Nf6 22. Ne4 b5 23. Nxf6+ Bxf6 24. Ng4 Be7 25. Ne5 Bd6 26. Nf3 c3 27. bxc3 Qxc3
28. Bb2 Qc2 29. Rd2 Qb1+ 30. Rd1 Rc2 31. Rxb1 Rxe2 32. Bxa1 Rxa2 33. Ng5 Rc8
34. Ne4 Be7 35. Bh3 b4 36. g4 Bd3 37. Re1 Bxe4 38. Rf1 Rcc2 39. d5 exd5 40. f3
Bd3 41. Rd1 Bc4 42. e4 Bc5+ 43. Bd4 Bxd4+ 0-1

[Event "Morbihan 2010"]
[Site "?"]
[Date "2010.02.06"]
[Round "4.13"]
[White "Boubli, Jordan"]
[Black "Trélohan, Henri"]
[Result "0-1"]
[WhiteElo "1420"]
[BlackElo "1695"]
[PlyCount "64"]
[EventDate "2010.??.??"]

1. e4 c6 2. d4 d5 3. exd5 cxd5 4. Nf3 Nc6 5. Bb5 Bd7 6. O-O e6 7. Bf4 Nf6 8.
Nbd2 Be7 9. Re1 O-O 10. c3 a6 11. Ba4 b5 12. Bc2 Rc8 13. b4 Na7 14. Re3 Rc6 15.
Ne5 Rc8 16. Rg3 g6 17. Bg5 Kg7 18. Qf3 Ng8 19. Bxe7 Qxe7 20. Qg4 f5 21. Qh3 Bc6
22. f4 Be8 23. Rf1 Nc6 24. a3 Nxd4 25. Bd1 Nc6 26. Ndf3 Nf6 27. Nxc6 Rxc6 28.
Ne5 Rc7 29. Bh5 Ne4 30. Bxg6 hxg6 31. Re3 Rh8 32. Qf3 Nd2 0-1

[Event "Morbihan 2010"]
[Site "?"]
[Date "2010.02.06"]
[Round "4.14"]
[White "Berthelot, Eric"]
[Black "Aubrun, Lucas"]
[Result "0-1"]
[WhiteElo "1530"]
[BlackElo "1740"]
[PlyCount "136"]
[EventDate "2010.??.??"]

1. d4 Nf6 2. c4 c5 3. d5 b5 4. cxb5 a6 5. b6 Qxb6 6. Nc3 g6 7. Nf3 Bg7 8. Qc2
d6 9. e3 O-O 10. Be2 Bf5 11. e4 Nxe4 12. Nxe4 Qb4+ 13. Nfd2 Nd7 14. O-O Nf6 15.
Nxf6+ Bxf6 16. Bd3 Bxd3 17. Qxd3 Bxb2 18. Rb1 Qc3 19. Qe2 Bxc1 20. Rfxc1 Qf6
21. Nc4 Rfe8 22. Nb6 Ra7 23. Nc4 Raa8 24. Na5 Qg5 25. Rd1 e6 26. dxe6 Rxe6 27.
Qf3 Rae8 28. h3 Rf6 29. Qd5 Qf4 30. Rf1 Re5 31. Qa8+ Kg7 32. Qxa6 d5 33. Qd3 c4
34. Qc3 Rg5 35. Rbd1 Qe4 36. f3 Qe5 37. Qc1 Qg3 38. Rf2 Rxf3 39. Qb2+ c3 40.
Qc2 Rxf2 41. Qxf2 Qxf2+ 42. Kxf2 c2 43. Rc1 d4 44. Nb3 d3 45. a4 Re5 46. Kf3 f5
47. a5 Rb5 48. Nd2 Rxa5 49. Ke3 Rd5 50. g3 g5 51. Kf3 Kg6 52. g4 Re5 53. gxf5+
Kxf5 54. Nc4 Re6 55. Ne3+ Ke5 56. Nxc2 dxc2 57. Rxc2 h5 58. Re2+ Kf5 59. Rxe6
Kxe6 60. Ke4 Kf6 61. Kf3 Kf5 62. Kg3 Ke4 63. Kg2 Kf4 64. Kh2 Kf3 65. h4 g4 66.
Kg1 Kg3 67. Kh1 Kxh4 68. Kg2 Kg5 0-1

[Event "Morbihan 2010"]
[Site "?"]
[Date "2010.02.06"]
[Round "4.15"]
[White "Josse, Emmanuelle"]
[Black "Potier, Pierre"]
[Result "1-0"]
[WhiteElo "1429"]
[BlackElo "1650"]
[PlyCount "96"]
[EventDate "2010.??.??"]

1. d4 d5 2. Nf3 Nf6 3. Bf4 Nc6 4. e3 a6 5. c4 Bg4 6. h3 Bh5 7. g4 Bg6 8. Ne5
Nxe5 9. Bxe5 e6 10. Nc3 Bd6 11. Bxf6 Qxf6 12. cxd5 exd5 13. Nxd5 Qe6 14. Nc3
O-O 15. Bd3 Rad8 16. O-O c5 17. Ne2 Bc7 18. Qc2 Qd6 19. f4 Bxd3 20. Qxd3 Rfe8
21. Rf3 b5 22. Rd1 Bb6 23. b3 Qd5 24. Kg2 c4 25. Qf5 Qc6 26. bxc4 Qxc4 27. Rd2
g6 28. Qg5 Ba5 29. Rb2 Qd3 30. f5 Bd2 31. fxg6 fxg6 32. Nf4 Qc3 33. Rb3 Qc2 34.
Qc5 Bc3+ 35. Rf2 Qe4+ 36. Kh2 Qxe3 37. Rxc3 Qxf2+ 38. Ng2 Re2 39. Rg3 Rxa2 40.
h4 Qxd4 41. Qc6 Ra1 42. Ne3 Qb2+ 43. Rg2 Qe5+ 44. Rg3 Rg1 45. Ng2 Qa1 46. Qe6+
Kg7 47. Qe7+ Kh6 48. g5+ Kh5 1-0

[Event "Morbihan 2010"]
[Site "?"]
[Date "2010.02.06"]
[Round "4.16"]
[White "Bonhomme, Christian"]
[Black "Audren, Jean"]
[Result "1-0"]
[WhiteElo "1607"]
[BlackElo "1450"]
[PlyCount "81"]
[EventDate "2010.??.??"]

1. d4 d5 2. Nf3 Bg4 3. Nbd2 e6 4. Ne5 Bh5 5. c3 Nf6 6. Qb3 Qc8 7. e3 a6 8. Bd3
c5 9. Bb1 c4 10. Qc2 Nbd7 11. Ndf3 Ne4 12. Nxd7 Qxd7 13. Ne5 Qc7 14. f3 f6 15.
fxe4 fxe5 16. O-O Bd6 17. g3 Bg6 18. Qg2 O-O-O 19. exd5 Bxb1 20. Rxb1 Rhf8 21.
Bd2 exd5 22. Qxd5 exd4 23. Qe6+ Kb8 24. exd4 Rfe8 25. Qg4 Re7 26. Bg5 Rde8 27.
Bxe7 Qxe7 28. Qf3 Qg5 29. Rbe1 Rf8 30. Qe3 Rxf1+ 31. Kxf1 Qf5+ 32. Kg2 g5 33.
Qe6 Qf8 34. Qe8+ Kc7 35. Qxf8 Bxf8 36. Rf1 Be7 37. Rf7 Kd6 38. Rxh7 Ke6 39.
Rxe7+ Kxe7 40. Kf3 Ke6 41. h4 1-0

[Event "Morbihan 2010"]
[Site "?"]
[Date "2010.02.06"]
[Round "4.17"]
[White "Purenne, Eric"]
[Black "Girod, Bernard"]
[Result "1/2-1/2"]
[WhiteElo "1450"]
[BlackElo "1590"]
[PlyCount "76"]
[EventDate "2010.??.??"]

1. d4 d5 2. Nf3 Nf6 3. Bf4 e6 4. e3 Bd6 5. Bd3 Bxf4 6. exf4 O-O 7. O-O b6 8. c3
Bb7 9. Nbd2 Nbd7 10. Qe2 c5 11. h3 cxd4 12. cxd4 Rc8 13. Rac1 Qe7 14. a3 Nh5
15. Qe3 Qd6 16. Ne5 Nhf6 17. Bb5 a6 18. Bxd7 Nxd7 19. Rc3 Rxc3 20. Qxc3 Rc8 21.
Qb3 Nxe5 22. fxe5 Qd8 23. Nb1 b5 24. Nc3 Rc4 25. Ne2 Qc7 26. Qe3 Rc2 27. Rc1
Rxc1+ 28. Qxc1 Qxc1+ 29. Nxc1 Kf8 30. Nb3 Ke7 31. f4 Kd7 32. Kf2 Kc6 33. Nc5
Bc8 34. b4 Kb6 35. g4 g6 36. Kg3 h6 37. Kh4 Kc6 38. g5 h5 1/2-1/2

[Event "Morbihan 2010"]
[Site "?"]
[Date "2010.02.06"]
[Round "4.18"]
[White "Maroufi, Amirvala"]
[Black "Fétiveau, Arthur"]
[Result "0-1"]
[WhiteElo "1290"]
[BlackElo "1580"]
[PlyCount "78"]
[EventDate "2010.??.??"]

1. e4 e5 2. Nf3 Nc6 3. Bb5 Bc5 4. Bxc6 dxc6 5. Nxe5 Qd4 6. Rf1 Qxe5 7. d3 Nf6
8. Qe2 Bg4 9. f3 Be6 10. Bd2 Qxh2 11. Nc3 Qg3+ 12. Kd1 O-O-O 13. Na4 Be7 14.
Nc3 Bb4 15. a3 Bxc3 16. Bxc3 Qf4 17. Bd2 Qe5 18. Bb4 Qxb2 19. Rc1 Qe5 20. Bc3
Qxc3 21. Rf2 Rd4 22. Rf1 Rhd8 23. Rf2 c5 24. g3 c4 25. Qd2 Qxd2+ 26. Rxd2 cxd3
27. cxd3 Rxd3 28. Rxd3 Rxd3+ 29. Ke2 Rxa3 30. e5 Nd7 31. f4 Rxg3 32. Rf1 Bc4+
33. Kf2 Bxf1 34. Kxg3 Nxe5 35. fxe5 Kd7 36. Kf4 Ke6 37. Ke4 f6 38. exf6 Kxf6
39. Kf3 a5 0-1

[Event "Morbihan 2010"]
[Site "?"]
[Date "2010.02.06"]
[Round "4.22"]
[White "Trifault, Youn"]
[Black "Deslias, Alain"]
[Result "0-1"]
[WhiteElo "1160"]
[BlackElo "1480"]
[PlyCount "80"]
[EventDate "2010.??.??"]

1. d4 d5 2. c4 Nf6 3. Nc3 c6 4. Bg5 Bf5 5. Nf3 h6 6. Bxf6 exf6 7. Nh4 Bh7 8.
Qa4 Qd7 9. f3 Be7 10. e4 dxe4 11. O-O-O f5 12. d5 Bxh4 13. dxc6 Qxc6 14. Nb5
O-O 15. Rd6 Qe8 16. Qb4 Na6 17. Rxa6 bxa6 18. Nc7 Qb8 19. Qa5 Bf6 20. Nxa8
Qxb2+ 21. Kd1 Qb1+ 22. Ke2 Qc2+ 23. Ke3 Bg5+ 24. f4 Qc1+ 25. Qd2 Qxd2+ 26. Kxd2
Bxf4+ 27. Kc3 Rxa8 28. g3 Be5+ 29. Kb4 Rb8+ 30. Ka5 Rb1 31. Kxa6 Bd4 32. h3 e3
33. Rh2 Rxf1 34. Rb2 g5 35. Kb5 Bxb2 36. c5 e2 37. c6 e1=Q 38. Ka6 Qe7 39. g4
Qc7 40. gxf5 Qb6# 0-1

[Event "Morbihan 2010"]
[Site "?"]
[Date "2009.10.21"]
[Round "2.17"]
[White "Josse, Emmanuelle"]
[Black "Sellin, Alain"]
[Result "0-1"]
[WhiteElo "1421"]
[BlackElo "1580"]
[PlyCount "132"]
[EventDate "2009.??.??"]

1. d4 d5 2. Nf3 Nf6 3. Bf4 Bg4 4. e3 e6 5. Be2 Bb4+ 6. c3 Be7 7. O-O O-O 8.
Nbd2 Nh5 9. Ne5 Bxe2 10. Qxe2 Nxf4 11. exf4 Bd6 12. Qg4 c6 13. h4 f5 14. Qh5
Rf6 15. Ndf3 g6 16. Qg5 Be7 17. Qg3 Qf8 18. Kh1 Qg7 19. Rg1 Bd6 20. Qh3 Nd7 21.
g4 fxg4 22. Rxg4 Raf8 23. Qg3 Bxe5 24. dxe5 Rf5 25. Rf1 Nc5 26. Rg5 Rxf4 27.
Nd4 Qf7 28. f3 Ne4 29. Qh3 Nxg5 30. hxg5 Re8 31. Rf2 c5 32. Nb5 Qf5 33. Rh2
Qxh3 34. Rxh3 Ref8 35. Kg2 R4f5 36. Nxa7 Rxg5+ 37. Kf2 Rxe5 38. Nb5 b6 39. Rh4
Ref5 40. Rh3 Rf4 41. b3 d4 42. cxd4 cxd4 43. Nc7 R4f6 44. a4 e5 45. Nd5 e4 46.
Nxf6+ Rxf6 47. Ke2 exf3+ 48. Kf2 d3 49. Rh1 d2 50. Rd1 Rd6 51. Kxf3 Rd3+ 52.
Ke2 Rxb3 53. Rxd2 Rb4 54. Ra2 Kg7 55. Kd3 h5 56. Kc3 Rf4 57. Kb3 h4 58. Rd2 Rf6
59. Kc4 Kh6 60. Kb5 Rf4 61. Rd6 h3 62. Rxb6 h2 63. Rb8 Kg5 64. Rh8 Rh4 65. Rc8
h1=Q 66. Rc5+ Kh6 0-1

[Event "Morbihan 2010"]
[Site "?"]
[Date "2010.03.06"]
[Round "5.1"]
[White "Stéphan, Victor"]
[Black "Lages, Michel"]
[Result "1-0"]
[WhiteElo "2244"]
[BlackElo "1927"]
[PlyCount "137"]
[EventDate "2010.??.??"]

1. e4 c5 2. Nf3 e6 3. d4 cxd4 4. Nxd4 Nf6 5. Nc3 Nc6 6. Ndb5 Bb4 7. a3 Bxc3+ 8.
Nxc3 d5 9. exd5 exd5 10. Bd3 O-O 11. O-O d4 12. Ne2 Qd5 13. Nf4 Qd6 14. Nh5 Qe5
15. Nxf6+ Qxf6 16. Qh5 h6 17. Re1 Be6 18. b4 Rfd8 19. Bb2 Rd5 20. Qe2 Rg5 21.
Rad1 Re5 22. Be4 Bf5 23. Bxd4 Nxd4 24. Rxd4 Rae8 25. f3 Bxe4 26. Rxe4 Rxe4 27.
fxe4 Qd4+ 28. Qe3 Rxe4 29. Qxd4 Rxd4 30. Re8+ Kh7 31. Re7 Rd1+ 32. Kf2 Rd2+ 33.
Kf1 Rxc2 34. Rxb7 a6 35. Rxf7 Ra2 36. Rf3 h5 37. h4 g6 38. g3 Kg7 39. Ke1 Rc2
40. Kd1 Rc6 41. Kd2 Kh6 42. Rc3 Rf6 43. Kc2 g5 44. Kb3 g4 45. a4 Kg6 46. b5
axb5 47. axb5 Kf7 48. Kc4 Ke7 49. Kd4 Kd7 50. Ke4 Re6+ 51. Kf5 Rd6 52. Ke4 Re6+
53. Kf5 Rd6 54. Rc5 Rd3 55. Kg5 Rxg3 56. Kxh5 Rg1 57. Rg5 g3 58. Kg6 g2 59. h5
Rb1 60. Rxg2 Rxb5 61. h6 Re5 62. h7 Re6+ 63. Kh5 Re3 64. Rg4 Re5+ 65. Rg5 Re1
66. Kh6 Re6+ 67. Rg6 Re8 68. Rg8 Re6+ 69. Kg5 1-0

[Event "Morbihan 2010"]
[Site "?"]
[Date "2010.03.06"]
[Round "5.2"]
[White "Purenne, Benoît"]
[Black "Le Corre, Patrick"]
[Result "0-1"]
[WhiteElo "1886"]
[BlackElo "2014"]
[PlyCount "110"]
[EventDate "2010.??.??"]

1. e4 c5 2. Nf3 e6 3. d4 cxd4 4. Nxd4 a6 5. Nc3 Qc7 6. Bd3 Nc6 7. Be3 Nf6 8.
O-O Be7 9. Kh1 O-O 10. f4 d6 11. h3 b6 12. Qe2 Bb7 13. Bg1 b5 14. a3 Rac8 15.
Rfe1 Nxd4 16. Bxd4 e5 17. fxe5 dxe5 18. Bg1 Bc5 19. Bh2 Rcd8 20. Nb1 Bd4 21. c3
Bb6 22. Bc2 Qd6 23. Rd1 Qc5 24. Nd2 Qe3 25. Qxe3 Bxe3 26. Nf1 Bb6 27. Bxe5 Nxe4
28. Bxe4 Bxe4 29. Re1 Bb7 30. Bg3 Rfe8 31. Rad1 Kf8 32. Bd6+ Kg8 33. Bg3 Rxe1
34. Rxd8+ Bxd8 35. Bxe1 Bg5 36. Bd2 Bxd2 37. Nxd2 Bd5 38. Kg1 f5 39. g3 Kf7 40.
Kf2 Ke6 41. Ke3 g5 42. Kf2 h6 43. h4 gxh4 44. gxh4 f4 45. b3 Kf5 46. c4 bxc4
47. bxc4 Bc6 48. Nb3 Ke5 49. Na5 Be4 50. c5 Kd5 51. c6 Kd6 52. h5 Bd5 53. Ke2
Kc7 54. Kf2 Kb6 55. c7 Kxc7 0-1

[Event "Morbihan 2010"]
[Site "?"]
[Date "2010.03.06"]
[Round "5.3"]
[White "Duplessy, Franck"]
[Black "Hocher, Eugène"]
[Result "1-0"]
[WhiteElo "2061"]
[BlackElo "1790"]
[PlyCount "89"]
[EventDate "2010.??.??"]

1. e4 e6 2. d4 d5 3. Nc3 Nf6 4. Bg5 Be7 5. e5 Nfd7 6. h4 a6 7. Nf3 c5 8. Bf4
Nc6 9. dxc5 Nxc5 10. Bd3 b5 11. a3 Bb7 12. Qe2 Qb6 13. b4 Nxd3+ 14. Qxd3 h6 15.
Rh3 Qd8 16. Rd1 Rc8 17. Ne2 Qc7 18. c3 Rd8 19. Ned4 Bc8 20. Rg3 Kf8 21. h5 Bd7
22. Nxc6 Qxc6 23. Nd4 Qc7 24. Qf3 Rc8 25. Qg4 Bg5 26. Bxg5 hxg5 27. Qxg5 Rh7
28. h6 g6 29. Rf3 Ke8 30. Rdd3 Qd8 31. Rf6 Qe7 32. Rdf3 Rc4 33. Qd2 Bc8 34. g4
Qc7 35. Qe3 Qe7 36. g5 Qb7 37. Qd3 Qc7 38. Re3 Qb6 39. Rxg6 fxg6 40. Qxg6+ Rf7
41. h7 Rxd4 42. h8=Q+ Ke7 43. cxd4 Qxd4 44. Qxf7+ Kxf7 45. Rf3+ 1-0

[Event "Morbihan 2010"]
[Site "?"]
[Date "2010.03.06"]
[Round "5.4"]
[White "Loizil, Joël"]
[Black "Gallois, Jérôme"]
[Result "0-1"]
[WhiteElo "1757"]
[BlackElo "2020"]
[PlyCount "64"]
[EventDate "2010.??.??"]

1. d4 Nf6 2. c4 e6 3. Nf3 d5 4. e3 c6 5. Bd3 Nbd7 6. Nc3 Bd6 7. O-O O-O 8. cxd5
exd5 9. Bd2 Re8 10. Re1 Nf8 11. h3 Ne4 12. Qc2 Bf5 13. Ne2 Qf6 14. Nf4 Nxd2 15.
Qxd2 Bxf4 16. Bxf5 Qxf5 17. exf4 Ng6 18. Re3 Nxf4 19. Rae1 Re4 20. Nh4 Qg5 21.
g3 Ne6 22. Nf3 Qf6 23. Rxe4 dxe4 24. Ne5 Rd8 25. Rxe4 Ng5 26. Re2 Qxe5 27. Rxe5
Nf3+ 28. Kg2 Nxd2 29. Re7 Rb8 30. b3 Kf8 31. Re2 Nb1 32. Rc2 Na3 0-1